000
00268nam a2200109 a 4500
005
20201002061719.0
008
190725s1978 000 spa d
100
_a
Lefebvre, Henri
_9
44705
245
3
_a
El marxismo.
260
_a
Santo Domingo,
_c
1978.
999
_c
48666
_d
48666
040
_a
DO-SdBNP